Normal view
MARC view
- Raja Shabab Nowsherwan
Entry Personal Name
001 - CONTROL NUMBER
- control field: 50875
003 - CONTROL NUMBER IDENTIFIER
- control field: NUST
005 - DATE AND TIME OF LATEST TRANSACTION
- control field: 20210314134825.0
008 - FIXED-LENGTH DATA ELEMENTS
- fixed length control field: 210314|| aca||aabn | a|a d
040 ## - CATALOGING SOURCE
- Original cataloging agency: NUST
- Transcribing agency: NUST
100 ## - HEADING--PERSONAL NAME
- Personal name: Raja Shabab Nowsherwan
670 ## - SOURCE DATA FOUND
- Source citation: Work cat.: (NUST): Raja Shabab Nowsherwan, Coal mine risk management in eastern salt range of Punjab , 75p.xiv.
